LEADER 01180nam a2200277 i 4500 001 000000237157 003 CaOOAMICUS 005 20141218000000.0 008 141218s2013 it u000 u ita u 013 $a216062 020 $a978-88-215-7735-2 040 $aSeMil$bita 100 1 $aValente, Gianni.$0(OLS)http://semarc/name/65303 245 10$aRatzinger al Vaticano 2. /$cGianni Valente. 260 $aCinisello Balsamo :$bSan Paolo,$c2013. 300 $a223 p. ;$c22 cm. 490 0 $aAttualitą e storia ;$v132 600 14$aRatzinger, Joseph .$0(OLS)http://semarc/subject/778 650 4$aConcilio Vaticano II <1962-1965> - Influssi [di] Joseph Ratzinger.$0(OLS)http://semarc/subject/42035 830 0$aAttualitą e storia ;$v132.$0(OLS)http://semarc/title/5888 850 $aSeMil 852 $aSeMil$W1$xVenegono$y1$m2A III 285$j187503$B187503$CSeMilBibl$Z2$F199413 $81 961 $aAcquisto: San Paolo (Agente) 996 $6020$a978-88-215-7735-2$9(OLS)http://semarc/number/242503 996 $6245$aRatzinger al Vaticano 2.$9(OLS)http://semarc/title/409767 996 $6260$aCinisello Balsamo :$bSan Paolo$9(OLS)http://semarc/publisher/30129 LEADER 00715nam a2200205 i 4500 001 000000102276 003 CaOOAMICUS 005 20240405103743.0 008 180830s1983 xx u000 u und u 013 $a74429 040 $aSeMil$bita 100 1 $aBetocchi, Carlo,$d<1899-1986>.$0(OLS)http://semarc/name/6439 245 10$aMemorie, racconti, poemetti in prosa. 260 $aFirenze :$bPananti,$c1983. 300 $a239 p. 850 $aSeMil 852 $aSeMil$W1$xVenegono$y1$m466 1 *$j58815$B58815$CSeMilBibl$Z2$F69788 $81 996 $6245$aMemorie, racconti, poemetti in prosa$9(OLS)http://semarc/title/148976 996 $6260$aFirenze :$bPananti$9(OLS)http://semarc/publisher/45729